000 01841nam a22002537a 4500
008 240520t2022 xxk|||||o|||| 00| 0 eng d
020 _a9781783214716
041 _aeng
100 _aTagg, Adrian
110 _aRoyal Institution of Chartered Surveyors
245 _aPlanned preventative maintenance
_bRICS professional standard, global
_h[Electronic resource]
260 _aLondon,
_bRoyal Institution of Chartered Surveyors,
_c2022
500 _aThis document was reissued in April 2023 as a professional standard. It had previously been published in January 2022 as a guidance note. The regulatory requirements remain the same and no material changes have been made to the document
520 _aThis professional standard has global application to both commercial and residential property, and is an essential addition to the suite of documents produced by RICS in relation to building surveying and health and safety. It sets out the general principles that should be adopted when undertaking a planned preventative maintenance (PPM) survey and report for built assets, and provides RICS members, regulated firms and their clients with a source of best practice. Its focus is on PPM reports for built assets (the type a building surveyor would undertake), rather than the type of planned maintenance reports for MEPF asset/component replacement an MEPF engineer or facilities manager might undertake.
520 _aEffective from 1 April 2022
650 _aCOMMERCIAL PROPERTY
650 _aPLANNED PREVENTATIVE MAINTENANCE
650 _aRESIDENTIAL PROPERTY
651 _aInternational
690 _aBuilding surveying
_96225
710 _aRoyal Institution of Chartered Surveyors
856 _uhttps://www.rics.org/content/dam/ricsglobal/documents/standards/PPM_June_2022.pdf
_zAvailable free on RICS.org
942 _n0
999 _c121933
_d121933